1611 1565 1835 1230 1556 1543 1824 1663 1210 1956 1344 1029 1822 1480 1205 1595 1811 1195 1797 1182 1339 1596 1293 1023 1743 1514 1491 1652 1463 1516 1330 1483 1270 1787 1105 1419 1695 1607 1274 1491 1610 1104 1549 1413 1888 1680 1040 1359 1843 1378 1115 1393 1812 1799 1630 1103 1294 1341 1965 1857 1684 1069 1700 1035 1574 1491 1210 1500 1884 1108 1587 1754 1420 1726 1849 1235 1119 1256 1733 1362 1705 1997 1737 1937 1795 1134 1257 1263 1983 1061 1572 1363 1601 1510 1911 1641 1725 1530 1133 BCNSPRNW ULIB Ver.6.0+V

เปลี่ยนเป็นภาษาไทย

Change to English
 แสดงรายละเอียดบรรณานุกรม
  กลับหน้าหลัก

Brief Record : Get Marc (ISO 2709) : E-mail record : QR code < ปิดหน้าต่าง
LEADER : 00000nam 2200000uu 4500
001    13399112324
003     ULIB
008    110627s||||||||th 000 0 tha d
020    9786160603626
090    นว.^bจ757P มปป.
100 0  เจ้าปลาน้อย
245 00 Pandora-Z...ซ่อนรักไว้เป็นความลับ/^cเจ้าปลาน้อย
260    กรุงเทพฯ :^bแจ่มใส,^cมปป.
300    180 หน้า
710 1  แจ่มใส
945    ^p139^l0^i030391
995    ทศพร
999 ^a ใช้งานได้ทุกระบบ
รายการนี้ยังไม่มีแท็ก
คุณยังไม่ได้ล็อกอิน คุณสามารถมีกิจกรรมร่วมกับเว็บไซต์ได้ แต่ต้องล็อกอินก่อน ::
  ล็อกอิน

รายการสื่อสารสนเทศ

ลำดับที่ ประเภท เลขเรียก/บาร์โค้ด สถานที่ สถานะ
- ไม่พบข้อมูล -

รายการใกล้เคียง
    ผู้แต่ง [เจ้าปลาน้อย]

BibComment


ยังไม่เคยถูกคอมเมนท์

คอมเมนท์ทรัพยากรรายการนี้
  คอมเมนท์: PandoraZซ่อนรักไว..


 Copyright 2026. Bcnsprnw @Library